Language Quiz

Random Language Quiz

Commonly Confused Words Quiz Stats

 Plays Quiz not verified by Sporcle

Support Sporcle.
Go Orange.
Score 0/24 Timer 05:00
0 Plays Today
% Correct
advice
84.2%
uninterested
81.2%
loathe
81.2%
flaunt
76.2%
imply
74.3%
advise
73.3%
lose
70.3%
compliment
65.3%
censor
64.4%
infer
62.4%
affect
61.4%
loose
59.4%
% Correct
effect
56.4%
disinterested
56.4%
practise
56.4%
breach
55.4%
practice
55.4%
complement
54.5%
loath
47.5%
breech
46.5%
censure
45.5%
flout
45.5%
proscribe
43.6%
prescribe
40.6%

You're not logged in!

Compare scores with friends on all Sporcle quizzes.
OR
Log In
Forgot?

From the Vault

Picture the Song IX

by PenguinsMeercats

Why not turn the album into a picture book?
Remove Ads.
Support Sporcle.
Get the best of Sporcle when you Go Orange. This ad-free experience offers more features, more stats, and more fun while also helping to support Sporcle. Thank you for becoming a member.

Show Comments

Extras

Top Quizzes Today


Score Distribution

Your Account Isn't Verified!

In order to create a playlist on Sporcle, you need to verify the email address you used during registration. Go to your Sporcle Settings to finish the process.

Report this User

Report this user for behavior that violates our Community Guidelines.

Details: